Southville International School and Colleges
Your cart is empty.
  • Cart
  • Lists
    Public lists Eva Luna New books Lux_list list_1
    Your lists Log in to create your own lists
  • Log in to your account
  • Your cookies
  • Search history
Southville International School and Colleges
  • Advanced search
  • Recent comments
  • Most popular
  • Libraries

Log in to your account

Log in with GOOGLE


If you do not have an external account, but do have a local account, you can still log in:

  1. Home
  2. MARC view: In search of the missing light :
Normal view MARC view ISBD view

In search of the missing light : (Record no. 104025)

[ view plain ]
MARC details
000 -LEADER
fixed length control field 00856nam a2200193 a 4500
005 - DATE AND TIME OF LATEST TRANSACTION
control field 20140412111312.0
008 - FIXED-LENGTH DATA ELEMENTS--GENERAL INFORMATION
fixed length control field 010326s19uu xx 00 eng d
020 ## - INTERNATIONAL STANDARD BOOK NUMBER
International Standard Book Number 0-7835-1308-9
050 ## - LIBRARY OF CONGRESS CALL NUMBER
Classification number REF 170
Item number C54In v.9
245 ## - TITLE STATEMENT
Title In search of the missing light :
Remainder of title a book about not giving up.
260 ## - PUBLICATION, DISTRIBUTION, ETC. (IMPRINT)
Place of publication, distribution, etc Asia :
Name of publisher, distributor, etc Time Life Asia,
Date of publication, distribution, etc 1997.
300 ## - PHYSICAL DESCRIPTION
Extent 29 p. ; ill.
440 ## - SERIES STATEMENT/ADDED ENTRY--TITLE
Title A Child's First Library of Values
500 ## - GENERAL NOTE
General note w/ casette tape
520 ## - SUMMARY, ETC.
Summary, etc Dan the mouse and his friends decide to hold a musical concert and Dan sets out in search of light to brigthen up the performance. His journey takes him high up a steep mountain, where a shooting star rewards him for his efforts. Through his search, Dan discovers that trying hard can have some surprising results.
650 ## - SUBJECT ADDED ENTRY--TOPICAL TERM
Topical term or geographic name as entry element Values
650 ## - SUBJECT ADDED ENTRY--TOPICAL TERM
Topical term or geographic name as entry element Persistency - Fiction
Holdings
Withdrawn status Lost status Damaged status Home library Current library Shelving location Date acquired Source of acquisition Total Checkouts Full call number Barcode Date last seen Price effective from Koha item type
      Elizalde Library Elizalde Library Reference Section 03/26/2001     REF 170 C54In v.9 E6284 04/12/2014 04/12/2014 Books

In search of the missing light :

APA

(1997). In search of the missing light. Asia: Time Life Asia.

Chicago

1997. In search of the missing light. Asia: Time Life Asia.

Harvard

(1997). In search of the missing light. Asia: Time Life Asia.

MLA

In search of the missing light. Asia: Time Life Asia. 1997.

  • Place hold
  • Print
  • Cite
  • Add to your cart (remove)
  • Save record
    BIBTEX Dublin Core MARCXML MARC (non-Unicode/MARC-8) MARC (Unicode/UTF-8) MARC (Unicode/UTF-8, Standard) MODS (XML) RIS
  • More searches
    Search for this title in:
    Other Libraries (WorldCat) Other Databases (Google Scholar) Online Stores (Bookfinder.com) Open Library (openlibrary.org)

Exporting to Dublin Core...

SOUTHVILLE LIBRARY

Southville International School and Colleges Library

1281 Tropical Ave. Cor. Luxembourg St., BF Homes International, Las Pinas City

Tel. No. 8256374 / 252358 Loc. 117/146

Powered by Koha